000 00477ntaaa2200193 4500
003 01
005 20251027202219.0
008 0714s1973 ag 01
040 _aAR-BaBN
_bspa
_cAR-BaBN
_eaacr
_dRIC
082 _a268.0000 C89
100 _aCully, Iris V
_914343
245 _aImparting the word
250 _a1 ed.
260 _aPhiladelphia :
_bWestminster Press,
_cc1962
300 _a174 p
650 _aBiblia
_9468
650 _aeducación religiosa
_94601
942 _cBK
999 _c17003
_d17003